|
|
|
|
| LEADER |
01370ppm a22003018a 4500 |
| 001 |
00039935 |
| 005 |
20171026081025.0 |
| 008 |
170718s2017 ||||||viesd |
| 041 |
0 |
# |
|a vie
|
| 082 |
1 |
4 |
|b V121D
|a 372.7
|
| 100 |
1 |
# |
|a Bùi, Thiện Chiến
|
| 245 |
0 |
0 |
|a Vận dụng dạy học phát hiện và giải quyết vấn đề trong dạy các yếu tố hình học ở lớp 5 theo hướng phát triển năng lực
|b Luận văn thạc sĩ Khoa học giáo dục. Chuyên ngành: Lý luận và Phương pháp dạy học Bộ môn Toán. Mã số: 60140111
|c Bùi Thiện Chiến; Lê Ngọc Sơn (hướng dẫn)
|
| 260 |
# |
# |
|a Đồng Tháp
|b Đại học Đồng Tháp
|c 2017
|
| 300 |
# |
# |
|a 102 tr.+ phụ lục
|c 30cm.
|e 1 bản tóm tắt
|
| 500 |
# |
# |
|a ĐTTS ghi: Bộ giáo dục và đào tạo. Trường Đại học Đồng Tháp
|
| 653 |
# |
# |
|a Dạy học
|
| 653 |
# |
# |
|a Hình học 5
|
| 653 |
# |
# |
|a Tiểu học
|
| 653 |
# |
# |
|a Luận văn
|
| 653 |
# |
# |
|a Học sinh
|
| 700 |
1 |
# |
|a Lê, Ngọc Sơn
|e Hướng dẫn
|
| 852 |
# |
# |
|j LV.0001532
|j LV.0001234
|
| 852 |
# |
# |
|b Kho đọc SĐH
|j LV.0001234
|
| 910 |
|
|
|d 18/07/2017
|
| 980 |
# |
# |
|a Trung tâm Học liệu Lê Vũ Hùng, Trường Đại học Đồng Tháp
|